Vista normal Vista MARC

Entrada Nombre corporativo

Número de registros utilizados en: 1

001 - NÚMERO DE CONTROL

  • campo de control: 36721

003 - IDENTIFICADOR DE NÚMERO DE CONTROL

  • campo de control: OSt

005 - FECHA Y HORA DE LA ÚLTIMA TRANSACCIÓN

  • campo de control: 20221005161718.0

008 - ELEMENTOS DE DATO DE LONGITUD-FIJA

  • campo de control de longitud fija: 221005|| aca||aabn | a|a d

040 ## - FUENTE DE CATALOGACIÓN

  • Centro catalogador/agencia de origen: OSt
  • Centro/agencia transcriptor: OSt

110 ## - ENCABEZAMIENTO-NOMBRE DE ENTIDAD CORPORATIVA

  • Nombre de entidad corporativa o nombre de jurisdicción como elemento de entrada: JORNADAS DE POLITICA INDUSTRIAL Y ORGANIZACION DEL TRABAJO^N1º
  • Fecha del congreso o de la firma del tratado: 1993
  • Sede del congreso/Lugar de la reunión: La Línea, Cádiz

670 ## - FUENTE DE DATOS ENCONTRADOS

  • Cita de la fuente: Work cat.: (OSt)55398: JORNADAS DE POLITICA INDUSTRIAL Y ORGANIZACION DEL TRABAJO^N1º 1993 La Línea, Cádiz, I Jornadas de Política Industrial y Organización del Trabajo, 1993

Con tecnología Koha